Capitales fédérales des Etats-Unis - Statistiques

Statistiques générales
  • Ce quiz a été pris 101 fois
  • Le résultat moyen est 15 sur 20
Statistiques - réponses
Capitale fédérale Etat % Correct
Atlanta Géorgie
100%
Honolulu Hawaï
100%
Springfield Illinois
100%
Des Moines Iowa
100%
Boston Massachusetts
100%
Lansing Michigan
100%
Carson City Nevada
100%
Albany New York
100%
Santa Fe Nouveau Mexique
100%
Oklahoma City Oklahoma
100%
Salem Oregon
100%
Austin Texas
100%
Nashville Tennessee
90%
Phoenix Arizona
89%
Bismarck Dakota du Nord
88%
Columbus Ohio
88%
Salt Lake City Utah
88%
Boise Idaho
86%
Baton Rouge Louisiane
86%
Denver Colorado
83%
Tallahassee Floride
83%
Frankfort Kentucky
83%
Raleigh Caroline du Nord
80%
Columbia Caroline du Sud
80%
Hartford Connecticut
80%
Indianapolis Indiana
80%
Jackson Mississippi
80%
Charleston Virginie Occidentale
80%
Little Rock Arkansas
75%
Sacramento Californie
75%
Trenton New Jersey
75%
Olympia Washington
75%
Pierre Dakota du Sud
71%
Cheyenne Wyoming
71%
Juneau Alaska
67%
Dover Delaware
67%
Topeka Kansas
67%
Saint Paul Minnesota
67%
Providence Rhode Island
67%
Richmond Virginie
67%
Madison Wisconsin
63%
Annapolis Maryland
60%
Montpelier Vermont
60%
Montgomery Alabama
57%
Augusta Maine
56%
Helena Montana
50%
Harrisburg Pennsylvanie
50%
Lincoln Nebraska
33%
Jefferson City Missouri
17%
Concord New Hampshire
0%
Aucun quiz correspondant
Distribution des résultats
% des personnes avec chaque résultat
Percentile par nombre de réponses
Votre historique - résultats
Vous n’avez pas pris ce quiz